Obra completa

Salvato in:
Dettagli Bibliografici
Autore principale: Cela, Camilo José (Autore)
Natura: Libro
Lingua:spagnolo
Pubblicazione: Barcelona Destino 1962
Soggetti:
Tags: Aggiungi Tag
Nessun Tag, puoi essere il primo ad aggiungerne!!

MARC

LEADER 00000nam a2200000 a 4500
001 UCQ5682
003 CL-VaPUC
008 981002e19620000SP |||||||||||||||||spa|d
082 0 4 |a 863  |b CEL  |2 21 
100 0 |a Cela, Camilo José  |e author  |9 320105 
245 1 0 |a Obra completa 
300 |a v 
942 |c BK 
945 |d 19981002 00:00:00  |a crobeson 
260 |a Barcelona  |b Destino  |c 1962 
500 |a v.1: Las tres primeras novelas 
500 |a v.2: Cuentos 
500 |a v.3: Apuntes carpetovetónicos. Novelas cortas 
500 |a v.4: Viajes por España, 1 
500 |a v.5: Viajes por España, 2 
500 |a v.6: Viajes por España, 3 
500 |a v.7: Tres novelas más 
500 |a v.8: Los amigos y otra novela 
500 |a v.9: Artículos, 1 
500 |a v.10: Artículos, 2 
500 |a v.11: Artícculos, 3 
650 0 |a Novelas españolas  |9 265052 
650 0 |a Cuentos españoles  |9 267960 
650 7 |a PROSAS ESPAÑOLAS  |2 CL-VaPUC  |9 267355 
650 0 |a Literatura española  |9 306261 
583 |a last modification  |c 19981002 00:00:00  |k Rodrigo Vera 
999 |c 275887  |d 275885 
952 |0 0  |1 0  |4 0  |6 863_000000000000000_CEL_1962  |7 0  |8 A  |9 312746  |a BIBEDU  |b BIBEDU  |d 2019-11-20  |h v.1  |i 1475916  |o 863 CEL 1962  |p 1475916  |r 2019-11-20  |w 2019-11-20  |y BK  |k LIT 
952 |0 0  |1 0  |4 0  |6 863_000000000000000_CEL_1962  |7 0  |8 A  |9 312747  |a BIBEDU  |b BIBEDU  |d 2019-11-20  |h v.2  |i 1475924  |o 863 CEL 1962  |p 1475924  |r 2019-11-20  |w 2019-11-20  |y BK  |k LIT 
952 |0 0  |1 0  |4 0  |6 863_000000000000000_CEL_1962  |7 0  |8 A  |9 312748  |a BIBEDU  |b BIBEDU  |d 2019-11-20  |h v.3  |i 1475932  |o 863 CEL 1962  |p 1475932  |r 2019-11-20  |w 2019-11-20  |y BK  |k LIT 
952 |0 0  |1 0  |4 0  |6 863_000000000000000_CEL_1962  |7 0  |8 A  |9 312749  |a BIBEDU  |b BIBEDU  |d 2019-11-20  |h v.4  |i 1475940  |o 863 CEL 1962  |p 1475940  |r 2019-11-20  |w 2019-11-20  |y BK  |k LIT 
952 |0 0  |1 0  |4 0  |6 863_000000000000000_CEL_1962  |7 0  |8 A  |9 312750  |a BIBEDU  |b BIBEDU  |d 2019-11-20  |h v.5  |i 1475959  |o 863 CEL 1962  |p 1475959  |r 2019-11-20  |w 2019-11-20  |y BK  |k LIT 
952 |0 0  |1 0  |4 0  |6 863_000000000000000_CEL_1962  |7 0  |8 A  |9 312751  |a BIBEDU  |b BIBEDU  |d 2019-11-20  |h v.6  |i 1475967  |o 863 CEL 1962  |p 1475967  |r 2019-11-20  |w 2019-11-20  |y BK  |k LIT 
952 |0 0  |1 0  |4 0  |6 863_000000000000000_CEL_1962  |7 0  |8 A  |9 312752  |a BIBEDU  |b BIBEDU  |d 2019-11-20  |h v.7  |i 1475975  |o 863 CEL 1962  |p 1475975  |r 2019-11-20  |w 2019-11-20  |y BK  |k LIT 
952 |0 0  |1 0  |4 0  |6 863_000000000000000_CEL_1962  |7 0  |8 A  |9 312753  |a BIBEDU  |b BIBEDU  |d 2019-11-20  |h v.9  |i 1475983  |o 863 CEL 1962  |p 1475983  |r 2019-11-20  |w 2019-11-20  |y BK  |k LIT 
952 |0 0  |1 0  |4 0  |6 863_000000000000000_CEL_1962  |7 0  |8 A  |9 312754  |a BIBEDU  |b BIBEDU  |d 2019-11-20  |h v.10  |i 1475991  |o 863 CEL 1962  |p 1475991  |r 2019-11-20  |w 2019-11-20  |y BK  |k LIT 
952 |0 0  |1 0  |4 0  |6 863_000000000000000_CEL_1962  |7 0  |8 A  |9 312755  |a BIBEDU  |b BIBEDU  |d 2019-11-20  |h v.11  |i 1476009  |o 863 CEL 1962  |p 1476009  |r 2019-11-20  |w 2019-11-20  |y BK  |k LIT